Nové smery no vývoji výkonových zosilňovačov

Salvato in:
Dettagli Bibliografici
Autore principale: Ferenčák, Tomáš (Autore)
Altri autori: Hribik, Ján, 1948- (Relatore della tesi)
Natura: Manoscritto Libro
Lingua:slovacco
Pubblicazione: Bratislava : STU v Bratislave FEI, 2004
Soggetti:
Tags: Aggiungi Tag
Nessun Tag, puoi essere il primo ad aggiungerne!!

MARC

LEADER 00000ntm a22000003a 4500
001 stu92712
005 20160719164656.8
008 050202s2004------------------------slo-d
040 |a STU  |b slo 
041 0 |a slo 
100 1 |a Hribik, Ján,  |d 1948-  |4 ths  |u E030  |U FEI Fakulta elektrotechniky a informatiky  |T FEI Ústav elektroniky a fotoniky  |X 2057  |U E030  |Y 549  |7 A000002057 
245 1 |a Nové smery no vývoji výkonových zosilňovačov 
260 |a Bratislava :  |b STU v Bratislave FEI,  |c 2004 
300 |a 44 s 
650 7 |a elektronika  |2 stusub 
700 1 |a Ferenčák, Tomáš  |4 aut